01001 a2200169 45000010006000000050017000060080041000230030015000640400040000790800035001192450030001542640048001843000019002325050542002510410008007931000030008015462520260407155821.0260407a1975 arg spa dAR-UNSa-BCEJYS aAR-UNSa-BCEJYSbspacAR-UNSa-BCEJYS a329.17xCorriente nacionalista10aEl nacionalismo Argentino 1aBuenos Aires :bEdiciones La Bastillac1975 a414 p.c20 cm. aPrimera parte: El surgimiento del nacionalismo argentino - I. Caracterización del nacionalismo - II. El nacionalismo hispanoamericano - III. Nacionalismo y cultura nacional: Ricardo Rojas - IV. Nacionalismo y política: Leopoldo Lugones - V. La renovación ideológica y espíritual - VI. Las vísperas de Septiembre - VII. El golpe del 6 de Septiembre de 1930 - Segunda parte: La afirmación nacionalista - I. La organización del nacionalismo - II. El nacionalismo republicano - III. La política del nacionalismo republicano aspa1 aZuleta Álvarez, Enrique